000 00763cam a22002533a 4500
001 22181
003 PGUSA
005 20140828083455.0
008 070730s2007||||xxu|||||s|||||000 p eng d
040 _aPGUSA
_beng
042 _adc
050 4 _aPZ
100 1 _aMoreton, Charles
245 1 4 _aThe Maid and the Magpie :
_bAn Interesting Tale Founded on Facts
_h[electronic resource] /
_cCharles Moreton
260 _bProject Gutenberg,
_c2007
506 _aPublic domain in the USA.
516 _aElectronic text
653 _aFalse imprisonment -- Juvenile poetry
653 _aFalse testimony -- Juvenile poetry
653 _aChildren's poetry
830 0 _aProject Gutenberg
_v22181
856 4 0 _uhttp://www.gutenberg.org/ebooks/22181
942 _cEB
999 _c251436
_d251436